00796nam a2200241 a 450000100060000000300080000600500170001400800410003102000380007203500190011004000270012904100080015608200290016410000280019324501140022126000590033530000350039450000200042950400320044965000260048165000260050765000210053357292BD-RjUL20211209080507.0161208s1983 enka b 001 0 eng  a0691031339 (alk. paper) :c$25.00 a(BD-RjUL)57416 aDLCcDLCdBD-RjULbeng aeng00a363.960952223bCOF 19831 aColeman, Samuel,d1946-10aFamily planning in Japanese society :btraditional birth control in a modern urban culture /cSamuel Coleman. aPrinceton, N.J. :bPrinceton University Press,cc1983. axiii, 269 p. :bill. ;c23 cm. aIncludes index. aBibliography: p. [241]-261. 0aBirth controlzJapan. 0aContraceptionzJapan. 0aMarriagezJapan.